[Event "N4"]
[Site "rilly/enhm"]
[Date "2007.02.11"]
[Round "5"]
[White "BARBELIN, Jean-Pierre"]
[Black "MEYER, Caroline"]
[Result "1-0"]
[WhiteElo "1680"]
[BlackElo "1499"]
[PlyCount "111"]
[EventDate "2007.02.13"]
[SourceDate "2007.03.18"]

1. c4 c6 2. Nc3 Nf6 3. d4 d5 4. cxd5 cxd5 5. Nf3 e6 6. Bg5 Be7 7. e3 O-O 8. Bd3
Bd7 9. O-O Bc6 10. Rc1 Qd7 11. Ne5 Qc8 12. f4 Nbd7 13. Ne2 Nb8 14. Ng3 a6 15.
a3 b5 16. b4 Ra7 17. f5 Ne4 18. Nxe4 dxe4 19. Bxe7 Rxe7 20. Bxe4 Rc7 21. Nxc6
Nxc6 22. fxe6 Qxe6 23. Qf3 Rfc8 24. Qf5 Nd8 25. Qxh7+ Kf8 26. Qh8+ Ke7 27. Qh4+
f6 28. Rc5 Nf7 29. Qf4 Kf8 30. Rxc7 Rxc7 31. Qxc7 Qxe4 32. Qc8+ Qe8 33. Qxe8+
Kxe8 34. Rc1 Nd8 35. Rc7 Kf8 36. Ra7 Kg8 37. Ra8 Kh7 38. Rxd8 Kg6 39. Kf2 Kg5
40. Kf3 f5 41. g3 Kg6 42. Kf4 Kf6 43. Rd6+ Ke7 44. Rxa6 Kf7 45. Kxf5 Kg8 46. d5
Kh7 47. Rg6 Kh8 48. d6 Kg8 49. d7 Kf8 50. Rxg7 Kxg7 51. d8=Q Kf7 52. Qf6+ Ke8
53. Qg7 Kd8 54. Ke6 Kc8 55. Kd6 Kb8 56. Kc6 1-0

[Event "N4"]
[Site "rilly/enhm"]
[Date "2007.02.11"]
[Round "5"]
[White "BOHR, Frederic"]
[Black "PETEUIL, Camille"]
[Result "1-0"]
[WhiteElo "1280"]
[BlackElo "1280"]
[PlyCount "29"]
[EventDate "2007.02.13"]
[SourceDate "2007.03.18"]

1. e4 e5 2. d4 Nc6 3. d5 Nce7 4. Nf3 d6 5. c4 Bg4 6. Nc3 Nf6 7. Be2 g6 8. O-O
Bg7 9. Bg5 O-O 10. Qd2 Qd7 11. Rfe1 h6 12. Bxf6 Bxf6 13. Qxh6 Qd8 14. Ng5 Bd7
15. Qh7# 1-0

[Event "N4"]
[Site "chalons/bme"]
[Date "2007.02.11"]
[Round "5"]
[White "MUNIER, Germain"]
[Black "CREPAUX, J.Marie"]
[Result "0-1"]
[WhiteElo "1695"]
[BlackElo "1980"]
[PlyCount "38"]
[EventDate "2007.02.13"]
[SourceDate "2007.03.18"]

1. e4 e5 2. Nf3 Nc6 3. Bc4 Bc5 4. c3 d6 5. d4 exd4 6. cxd4 Bb6 7. O-O Bg4 8.
Be3 Nf6 9. Nc3 Bxf3 10. Qxf3 Nxd4 11. Bxd4 Bxd4 12. Rad1 Be5 13. Qd3 O-O 14. f4
Bxc3 15. bxc3 Qe7 16. Rfe1 Rad8 17. Qb1 d5 18. Bxd5 Qc5+ 19. Kh1 Ng4 0-1

[Event "N4"]
[Site "chalons/bme"]
[Date "2007.02.11"]
[Round "5"]
[White "MONTHOUX, P.Yves"]
[Black "GODARD, Adrien"]
[Result "1-0"]
[WhiteElo "1937"]
[BlackElo "1630"]
[PlyCount "102"]
[EventDate "2007.02.13"]
[SourceDate "2007.03.18"]

1. e4 e5 2. Nf3 Nc6 3. Bc4 Nf6 4. Ng5 d5 5. exd5 Na5 6. Bb5+ Bd7 7. Qe2 Bd6 8.
Nc3 c6 9. dxc6 Nxc6 10. d3 Nd4 11. Bxd7+ Qxd7 12. Qd1 Qg4 13. Qxg4 Nxg4 14. Kd2
Be7 15. Nh3 Bh4 16. f3 Nh6 17. Ne2 Nxe2 18. Kxe2 Nf5 19. c3 Be7 20. Nf2 O-O 21.
Nd1 Rfd8 22. Ne3 Nh4 23. g3 Ng6 24. Ng2 Rd7 25. f4 exf4 26. Nxf4 Nxf4+ 27. Bxf4
Re8 28. Kd2 Red8 29. d4 g5 30. Be3 Rd5 31. g4 R8d6 32. Rhf1 Rh6 33. Rf2 Bd6 34.
Rh1 Rh4 35. Rg2 Bf4 36. Bxf4 gxf4 37. Rf1 Rg5 38. Rxf4 h5 39. Rgf2 hxg4 40.
Rxf7 Rxh2 41. Rf8+ Kg7 42. Rxh2 Kxf8 43. Ke3 Ke7 44. Kf4 Rg6 45. Rg2 Kd6 46.
Rxg4 Rf6+ 47. Ke3 Re6+ 48. Kd3 Rh6 49. Rg2 Kc6 50. Kc4 b5+ 51. Kb4 Kb6 {
suite illisible} 1-0

[Event "N4"]
[Site "chalons/bme"]
[Date "2007.02.11"]
[Round "5"]
[White "CORCHETTE, Fabien"]
[Black "BILLON, Olivier"]
[Result "1-0"]
[WhiteElo "1660"]
[BlackElo "1902"]
[PlyCount "45"]
[EventDate "2007.02.13"]
[SourceDate "2007.03.18"]

1. d4 Nf6 2. c4 g6 3. Nc3 Bg7 4. e4 d6 5. f3 O-O 6. Be3 e5 7. Nge2 Nbd7 8. Qd2
Ne8 9. g4 Nb6 10. Ng3 exd4 11. Bxd4 Be6 12. b3 Nf6 13. g5 Nfd7 14. Bxg7 Kxg7
15. h4 Ne5 16. Be2 f5 17. f4 Ned7 18. h5 fxe4 19. Qd4+ Kg8 20. hxg6 hxg6 21.
Qh8+ Kf7 22. Qh7+ Ke8 23. Qxg6+ 1-0

[Event "N4"]
[Site "chalons/bme"]
[Date "2007.02.11"]
[Round "5"]
[White "LECOCQ, Pierre"]
[Black "HUSSON, Christophe"]
[Result "0-1"]
[WhiteElo "1880"]
[BlackElo "1650"]
[PlyCount "62"]
[EventDate "2007.02.13"]
[SourceDate "2007.03.18"]

1. e4 c5 2. Nf3 d6 3. d4 cxd4 4. Nxd4 Nf6 5. Nc3 Nc6 6. f3 g6 7. Be3 Bg7 8. Qd2
O-O 9. Be2 Nxd4 10. Bxd4 Be6 11. O-O a6 12. Nd5 Nxd5 13. exd5 Bd7 14. Bxg7 Kxg7
15. Qd4+ Kg8 16. c4 Rc8 17. Bd3 b5 18. cxb5 Bxb5 19. Bxb5 axb5 20. Rfc1 Qd7 21.
Kf2 Qf5 22. g4 Qd7 23. Qb6 Rb8 24. Qc6 Qa7+ 25. Ke2 Rfc8 26. Qxc8+ Rxc8 27.
Rxc8+ Kg7 28. b3 Qd4 29. Rd1 Qe5+ 30. Kf1 Qxh2 31. Rb8 Qxa2 0-1

[Event "N4"]
[Site "chalons/bme"]
[Date "2007.02.11"]
[Round "5"]
[White "LEFEBVRE, Brice"]
[Black "HARNIK, Cecilien"]
[Result "0-1"]
[WhiteElo "1550"]
[BlackElo "1740"]
[PlyCount "48"]
[EventDate "2007.02.13"]
[SourceDate "2007.03.18"]

1. e4 e6 2. d4 d5 3. e5 c5 4. c3 Nc6 5. Nf3 Bd7 6. Bd3 Qb6 7. Bc2 cxd4 8. Nxd4
Nxe5 9. O-O Nf6 10. Qe2 Nc6 11. Nf5 g6 12. Bg5 Nh5 13. g4 gxf5 14. gxh5 Rg8 15.
Qd2 Bh6 16. h4 f6 17. Kh1 fxg5 18. Rg1 Qxb2 19. hxg5 Qxa1 20. Bb3 Rxg5 21. Rxg5
Bxg5 22. Qxg5 Qxb1+ 23. Kh2 Ne7 24. Qf6 Ng8 0-1

[Event "N4"]
[Site "chalons/bme"]
[Date "2007.02.11"]
[Round "5"]
[White "VEILLERETTE, Chantal"]
[Black "LIN, Yun"]
[Result "1-0"]
[WhiteElo "1600"]
[BlackElo "1430"]
[PlyCount "107"]
[EventDate "2007.02.13"]
[SourceDate "2007.03.18"]

1. d4 d5 2. c4 Nf6 3. cxd5 Nxd5 4. Nf3 Bg4 5. e3 e6 6. Be2 c5 7. dxc5 Bxc5 8.
Qa4+ Nd7 9. Qxg4 O-O 10. O-O N7f6 11. Qa4 a6 12. Bd2 b5 13. Qh4 Qe7 14. Nc3
Rfd8 15. Nxd5 Rxd5 16. Nd4 Rc8 17. a3 Bxd4 18. exd4 Rcd8 19. Bc3 h6 20. Bf3
R5d7 21. Rad1 Nd5 22. Qxe7 Rxe7 23. Rfe1 Nxc3 24. bxc3 Red7 25. Re5 Rd6 26.
Rde1 Kf8 27. Kf1 Rc8 28. R1e3 Ke7 29. Rc5 Kd7 30. Rxc8 Kxc8 31. Ke2 Kd7 32. Re5
f6 33. Rc5 g5 34. g4 Kd8 35. Ke3 Ke8 36. Rc7 Rd7 37. Rc6 a5 38. Rxe6+ Re7 39.
Bc6+ Kd8 40. Rxe7 Kxe7 41. Bxb5 Kd6 42. c4 Kc7 43. a4 Kd6 44. Ke4 Ke7 45. Kf5
Kf7 46. c5 Ke7 47. d5 Kd8 48. Kxf6 Kc7 49. Ke7 Kc8 50. d6 Kb7 51. d7 Kc7 52.
d8=Q+ Kb7 53. Qb6+ Ka8 54. Bc6# 1-0

[Event "N4"]
[Site "chalons/bme"]
[Date "2007.02.11"]
[Round "5"]
[White "FAUCON, Arthur"]
[Black "COUTIER, Rémi"]
[Result "0-1"]
[WhiteElo "1320"]
[BlackElo "1640"]
[PlyCount "24"]
[EventDate "2007.02.13"]
[SourceDate "2007.03.18"]

1. e4 e5 2. Nf3 Nc6 3. Bc4 Bc5 4. d3 d6 5. Ng5 Nh6 6. Nc3 O-O 7. O-O Bg4 8. Nf3
Nd4 9. Bxh6 gxh6 10. Kh1 c6 11. h3 Nxf3 12. hxg4 Qh4# 0-1

[Event "N4"]
[Site "chalons/bme"]
[Date "2007.02.11"]
[Round "5"]
[White "RAMOIOLI"]
[Black "BELGUIRAL, Baptiste"]
[Result "1-0"]
[WhiteElo "1380"]
[BlackElo "1320"]
[PlyCount "45"]
[EventDate "2007.02.13"]
[SourceDate "2007.03.18"]

1. d4 d5 2. c4 e6 3. Nf3 Nc6 4. Nc3 Nf6 5. Bg5 Be7 6. e3 h6 7. Bh4 Ne4 8. Bxe7
Nxe7 9. Nxe4 dxe4 10. Nd2 f5 11. Be2 g6 12. O-O b6 13. f3 Bb7 14. fxe4 Qd7 15.
Qc2 O-O-O 16. b4 c5 17. bxc5 bxc5 18. d5 fxe4 19. Nxe4 exd5 20. Nxc5 Qc6 21.
Nxb7 Qxb7 22. Bg4+ Kc7 23. cxd5+ 1-0

[Event "N4"]
[Site "reims/bogny"]
[Date "2007.02.11"]
[Round "5"]
[White "DROIT, Vincent"]
[Black "FLAMANT, Jacky"]
[Result "1-0"]
[WhiteElo "2069"]
[BlackElo "1925"]
[PlyCount "81"]
[EventDate "2007.02.13"]
[SourceDate "2007.03.18"]

1. e4 e6 2. d4 d5 3. e5 c5 4. c3 Nc6 5. Nf3 Nge7 6. Na3 Qb6 7. Nc2 Nf5 8. g4
Nfe7 9. Bd3 Bd7 10. b3 Rc8 11. Be3 cxd4 12. Ncxd4 Nxd4 13. Bxd4 Qc7 14. Kf1 Ng6
15. Qd2 Bc5 16. Ke2 Bxd4 17. cxd4 Qc3 18. Rac1 Qxd2+ 19. Kxd2 Ke7 20. Ke3 f6
21. h4 fxe5 22. Bxg6 exd4+ 23. Kxd4 hxg6 24. Ne5 Rxc1 25. Rxc1 Rc8 26. Rxc8
Bxc8 27. Nxg6+ Kd6 28. f4 Bd7 29. Ne5 Be8 30. Nd3 b6 31. Nf2 g6 32. Nh1 Bf7 33.
Ng3 a6 34. h5 gxh5 35. gxh5 Ke7 36. Ke5 Bg8 37. f5 exf5 38. Nxf5+ Kd7 39. Ne3
Kc6 40. h6 b5 41. Nxd5 1-0

[Event "N4"]
[Site "reims/bogny"]
[Date "2007.02.11"]
[Round "5"]
[White "GUYON, Cyndie"]
[Black "DJELLOULI, Hassine"]
[Result "0-1"]
[WhiteElo "1860"]
[BlackElo "1950"]
[PlyCount "94"]
[EventDate "2007.02.13"]
[SourceDate "2007.03.18"]

1. d4 d5 2. c4 dxc4 3. Nf3 c5 4. e3 cxd4 5. Qxd4 Qxd4 6. Nxd4 a6 7. Bxc4 Nf6 8.
Nc3 e5 9. Nf3 b5 10. Nd5 Bd6 11. Nb6 bxc4 12. Nxa8 Nbd7 13. Nd2 Bb7 14. Nxc4
Bb4+ 15. Bd2 Bxd2+ 16. Kxd2 Bxa8 17. Nd6+ Ke7 18. Nf5+ Kd8 19. Rac1 g6 20. Nd6
Ke7 21. Nc8+ Ke6 22. Rhd1 Bb7 23. Na7 Bxg2 24. Ke2 Rb8 25. b3 Bb7 26. f3 e4 27.
f4 Nb6 28. Nc6 Bxc6 29. Rxc6+ Ke7 30. Rc5 Nbd7 31. Rc6 a5 32. h3 Rb5 33. Kf2
Nd5 34. a4 Rb6 35. Rc4 N7f6 36. Rc5 Kd6 37. Rxa5 Rxb3 38. Re1 Nb4 39. Rd1+ Nd3+
40. Ke2 Rb2+ 41. Rd2 Rb1 42. Ra6+ Ke7 43. Rc2 Nh5 44. Rc7+ Kf8 45. Ra8+ Kg7 46.
Re7 Ng3+ 47. Kd2 Rc1 0-1

[Event "N4"]
[Site "reims/bogny"]
[Date "2007.02.11"]
[Round "5"]
[White "PIERQUIN, Bernard"]
[Black "ALCIDI, Valentin"]
[Result "1-0"]
[WhiteElo "1970"]
[BlackElo "1851"]
[PlyCount "87"]
[EventDate "2007.02.13"]
[SourceDate "2007.03.18"]

1. e4 e5 2. Nf3 Nc6 3. c3 Nf6 4. d4 exd4 5. e5 Ng4 6. cxd4 Bb4+ 7. Nc3 d5 8. h3
Nh6 9. Bxh6 gxh6 10. Qd2 Bf8 11. Bd3 Be6 12. a3 Qd7 13. O-O-O O-O-O 14. Qc2 Na5
15. b4 Nc4 16. Bxc4 dxc4 17. Ne4 Be7 18. g4 Qb5 19. Nc3 Qa6 20. Kb2 Bd5 21.
Rhe1 Qe6 22. Ng1 Bh4 23. Re2 Bg5 24. Nxd5 Qxd5 25. Qe4 Qxe4 26. Rxe4 Rhe8 27.
f4 Be7 28. Kc3 b5 29. Ra1 Rg8 30. Nf3 h5 31. g5 h6 32. h4 Kb7 33. Rg1 a5 34.
Ree1 axb4+ 35. axb4 Ra8 36. Ra1 hxg5 37. fxg5 Kc6 38. Nd2 Kd5 39. Rgf1 Rgf8 40.
Rfe1 Ke6 41. Nf1 Kf5 42. Ne3+ Ke6 43. d5+ Kd7 44. Nf5 1-0

[Event "N4"]
[Site "reims/bogny"]
[Date "2007.02.11"]
[Round "5"]
[White "PETIT, Christian"]
[Black "LEGHBALI, Sophiane"]
[Result "1-0"]
[WhiteElo "1840"]
[BlackElo "1851"]
[PlyCount "37"]
[EventDate "2007.02.13"]
[SourceDate "2007.03.18"]

1. e4 e6 2. d4 d5 3. Nc3 Nf6 4. e5 Nfd7 5. f4 c5 6. Nf3 Nc6 7. Be3 Be7 8. Be2
cxd4 9. Nxd4 Nxd4 10. Bxd4 a6 11. O-O O-O 12. Bd3 Nc5 13. Bxh7+ Kxh7 14. Qh5+
Kg8 15. Rf3 Ne4 16. Rh3 f5 17. Qg6 Bb4 18. Rh7 Qc7 19. Qh5 1-0

[Event "N4"]
[Site "reims/bogny"]
[Date "2007.02.11"]
[Round "5"]
[White "PRIOUX, Michel"]
[Black "BRAJON, Eric"]
[Result "0-1"]
[WhiteElo "1851"]
[BlackElo "1840"]
[PlyCount "88"]
[EventDate "2007.02.13"]
[SourceDate "2007.03.18"]

1. d4 g6 2. c4 d6 3. h3 Bg7 4. Nf3 Nf6 5. Nc3 Nbd7 6. Bg5 c5 7. d5 a6 8. a4 Qa5
9. Bd2 Qc7 10. e4 O-O 11. Bd3 e6 12. O-O exd5 13. cxd5 Re8 14. Bf4 c4 15. Bc2
Nc5 16. Re1 Nfd7 17. Rb1 Rb8 18. e5 Nxe5 19. Nxe5 dxe5 20. d6 Qc6 21. Bg3 f6
22. Ne4 Rd8 23. b4 Nxe4 24. Bxe4 Qxd6 25. Qxd6 Rxd6 26. f4 Rd4 27. Rbc1 f5 28.
Bb1 e4 29. Bf2 b5 30. Bxd4 Bxd4+ 31. Kf1 Be6 32. Red1 Be3 33. Rc2 Bxf4 34. Re2
Kf7 35. g4 fxg4 36. Rxe4 g5 37. hxg4 Bxg4 38. Rdd4 h5 39. axb5 axb5 40. Kf2 Ra8
41. Rxf4+ gxf4 42. Rxf4+ Ke7 43. Bf5 Rf8 44. Re4+ Kd6 0-1

[Event "N4"]
[Site "reims/bogny"]
[Date "2007.02.11"]
[Round "5"]
[White "WACZECKA, Jerome"]
[Black "MENISSIER, Fabien"]
[Result "0-1"]
[WhiteElo "1750"]
[BlackElo "1550"]
[PlyCount "68"]
[EventDate "2007.02.13"]
[SourceDate "2007.03.18"]

1. d4 e6 2. Nf3 c5 3. c3 d5 4. Bg5 Qb6 5. Qc2 Nc6 6. e3 Be7 7. Bxe7 Ngxe7 8.
Nbd2 cxd4 9. exd4 O-O 10. Bd3 h6 11. O-O Qc7 12. Rae1 f6 13. Nh4 e5 14. dxe5
fxe5 15. f3 Qd6 16. a3 d4 17. Nc4 Qd5 18. Nd2 Qd8 19. Bc4+ Kh8 20. Ng6+ Nxg6
21. Qxg6 dxc3 22. Bd3 Bf5 23. Bxf5 Rxf5 24. Qxf5 cxd2 25. Rd1 Qb6+ 26. Rf2 Qxb2
27. Rfxd2 Qxa3 28. Rd7 b5 29. Rxg7 Kxg7 30. Rd7+ Ne7 31. Qxe5+ Kf7 32. Rd6 Qc1+
33. Kf2 Qc2+ 34. Kg3 Rg8+ 0-1

[Event "N4"]
[Site "reims/bogny"]
[Date "2007.02.11"]
[Round "5"]
[White "WATIN, Logan"]
[Black "CHARBAU, Yanick"]
[Result "0-1"]
[WhiteElo "1530"]
[BlackElo "1810"]
[PlyCount "73"]
[EventDate "2007.02.13"]
[SourceDate "2007.03.18"]

1. e4 c5 2. Nf3 Nc6 3. d4 cxd4 4. Nxd4 Nf6 5. Nc3 Qb6 6. Nb3 e6 7. Be3 Qc7 8.
g3 a6 9. Bg2 d6 10. Qd2 b5 11. O-O-O Bb7 12. f4 Rc8 13. Qe2 Be7 14. Rd2 b4 15.
Na4 Nd7 16. Rhd1 Na5 17. Rd3 Bc6 18. Nc3 Nxb3+ 19. axb3 bxc3 20. Rxc3 Qb7 21.
Bd4 O-O 22. Qg4 e5 23. fxe5 dxe5 24. Be3 Nf6 25. Qf5 Bxe4 26. Bxe4 Nxe4 27.
Rxc8 Rxc8 28. Qxe5 Bf6 29. Qa5 Qxb3 30. Rd8+ Bxd8 31. Qxd8+ Rxd8 32. cxb3 Nd6
33. Kc2 Nb5 34. Bc5 f5 35. b4 Kf7 36. Kb3 Ke6 37. Kc4 0-1

[Event "N4"]
[Site "reims/bogny"]
[Date "2007.02.11"]
[Round "5"]
[White "RENARD, Luc"]
[Black "GOZILLON, Adeline"]
[Result "1-0"]
[WhiteElo "1650"]
[BlackElo "1330"]
[PlyCount "61"]
[EventDate "2007.02.13"]
[SourceDate "2007.03.18"]

1. d4 d5 2. c4 dxc4 3. Nf3 Nf6 4. Nc3 Bg4 5. Ne5 Be6 6. Bf4 Nd5 7. Qa4+ c6 8.
Nxd5 Qxd5 9. e3 Qd8 10. Bxc4 Bxc4 11. Qxc4 e6 12. O-O Be7 13. Qb3 Qc8 14. Nc4
Nd7 15. Bd6 Bg5 16. Ba3 Be7 17. Rac1 c5 18. Bxc5 Nxc5 19. dxc5 O-O 20. Nd6 Bxd6
21. cxd6 Qd7 22. Rfd1 Rfc8 23. Qd3 Rxc1 24. Rxc1 Rc8 25. Rxc8+ Qxc8 26. d7 Qd8
27. Qd4 a6 28. Qa7 h6 29. Qxb7 a5 30. Qc8 Qxc8 31. dxc8=Q+ 1-0

[Event "N4 "]
[Site "bogny/bme"]
[Date "2007.03.18"]
[Round "6"]
[White "GUYON, Cyndie"]
[Black "CAZZARO, Damien"]
[Result "1-0"]
[WhiteElo "1860"]
[BlackElo "1800"]
[PlyCount "53"]
[EventDate "2007.03.18"]
[SourceDate "2007.03.18"]

1. d4 d5 2. c4 c6 3. Nc3 Nf6 4. Nf3 e6 5. e3 Nbd7 6. Bd3 Bd6 7. O-O O-O 8. e4
dxe4 9. Nxe4 Nxe4 10. Bxe4 Nf6 11. Bc2 h6 12. Ne5 c5 13. Bf4 Qc7 14. Qd3 Rd8
15. Rad1 Bxe5 16. Bxe5 Qe7 17. Qf3 Nd7 18. Bc7 Re8 19. Ba4 cxd4 20. Rxd4 Qc5
21. Bxd7 Re7 22. Bd6 (22. Bxc8 Qxc7 23. Bxb7 Qxb7 24. Qxb7 Rxb7 $18) 22... Qxd4
23. Rd1 Qxc4 (23... Qxd1+ 24. Qxd1 Rxd7 $19) 24. Bxe7 Bxd7 25. Rxd7 Qxa2 26.
Ba3 Rc8 27. Qxf7+ 1-0

[Event "N4 "]
[Site "bogny/bme"]
[Date "2007.03.18"]
[Round "6"]
[White "GODARD, Adrien"]
[Black "FLAMANT, Jacky"]
[Result "1/2-1/2"]
[WhiteElo "1690"]
[BlackElo "1925"]
[PlyCount "43"]
[EventDate "2007.03.18"]
[SourceDate "2007.03.18"]

1. e4 e6 2. d4 d5 3. e5 c5 4. c3 Nc6 5. Nf3 Nge7 6. Bd3 Bd7 7. O-O Qb6 8. Bc2
Rc8 9. Re1 cxd4 10. cxd4 Nb4 11. Nc3 Nxc2 12. Qxc2 Nf5 13. Be3 Be7 14. Qd2 O-O
15. Rac1 Rc7 16. a3 Rfc8 17. Ne2 Rc4 18. Rxc4 Rxc4 19. Rc1 Qb3 20. Rc3 Qb5 21.
Qc2 Rxc3 22. Nxc3 1/2-1/2

[Event "N4 "]
[Site "bogny/bme"]
[Date "2007.03.18"]
[Round "6"]
[White "ALCIDI, Valentin"]
[Black "IACOMA, Antonio"]
[Result "0-1"]
[WhiteElo "1920"]
[BlackElo "1699"]
[PlyCount "112"]
[EventDate "2007.03.18"]
[SourceDate "2007.03.18"]

1. d4 g6 2. e4 Bg7 3. Nc3 e6 4. Be3 Ne7 5. f4 d5 6. e5 O-O 7. Nf3 Nbc6 8. Be2
Nf5 9. Bf2 Bd7 10. O-O a6 11. Bd3 Nce7 12. Ne2 Nh6 13. h3 f5 14. Bh4 Qe8 15.
Qe1 Nc8 16. c4 dxc4 17. Bxc4 Nb6 18. Bb3 Bc6 19. Ng5 Bd5 20. Qc3 Qb5 21. Rf2
Bxb3 22. axb3 Nd5 23. Qc4 Qd7 24. Nc3 c6 25. Na4 b5 26. Nc5 Qc8 27. Qc1 Re8 28.
Ra5 Nf7 29. Qa1 Nc7 30. b4 Bh6 31. Nxf7 Kxf7 32. b3 Bf8 33. Rd2 Bxc5 34. dxc5
Nd5 35. Rd4 Rg8 36. Bg5 Rh8 37. Bh6 Qb7 38. Qe1 Qe7 39. Bg5 Qc7 40. Qh4 Ke8 41.
Bf6 Rf8 42. Ra1 Qf7 43. Kh2 Ra7 44. Bd8 Kd7 45. Bb6 Raa8 46. Rg1 Kc8 47. Qf2
Kb7 48. Ba5 Rg8 49. Rd3 Rg7 50. h4 Rag8 51. g3 h6 52. Rg2 g5 53. hxg5 hxg5 54.
fxg5 Qh5+ 55. Kg1 Rxg5 56. Rh2 Qg6 0-1

[Event "N4"]
[Site "bogny/bme"]
[Date "2007.03.18"]
[Round "6"]
[White "CORCHETTE, Fabien"]
[Black "PRIOUX, Michel"]
[Result "1-0"]
[WhiteElo "1660"]
[BlackElo "1851"]
[PlyCount "69"]
[EventDate "2007.03.18"]
[SourceDate "2007.03.18"]

1. d4 Nf6 2. c4 e6 3. Nc3 Bb4 4. e3 O-O 5. Nge2 b6 6. a3 Be7 7. Nf4 Bb7 8. Bd3
d5 9. cxd5 exd5 10. b4 c5 11. bxc5 bxc5 12. dxc5 Bxc5 13. Rb1 Bb6 14. O-O Ba6
15. Nb5 Nbd7 16. Bb2 Rb8 17. a4 Bb7 18. Nd4 Nc5 19. Bc2 Ba5 20. f3 Re8 21. Qc1
Qe7 22. Nf5 Qd8 23. Nxg7 Nb3 24. Bxb3 Ba6 25. Nxe8 Nxe8 26. Bxd5 Bxf1 27. Kxf1
Rc8 28. Qd1 Bb6 29. e4 Qh4 30. Bxf7+ Kxf7 31. Qd5+ Ke7 32. Ba3+ Kf6 33. Nh5+
Kg6 34. Qf5+ Kh6 35. Bf8+ 1-0

[Event "N4"]
[Site "bogny/bme"]
[Date "2007.03.18"]
[Round "6"]
[White "LEGBHALI, Sophiane"]
[Black "HUSSON, Christophe"]
[Result "1-0"]
[WhiteElo "1810"]
[BlackElo "1650"]
[PlyCount "37"]
[EventDate "2007.03.18"]
[SourceDate "2007.03.18"]

1. e4 c5 2. Nf3 d6 3. d4 cxd4 4. Nxd4 Nf6 5. Nc3 a6 6. Bg5 Nbd7 7. f4 Nc5 8.
Bxf6 gxf6 9. Qh5 Qa5 10. g4 Qb4 11. O-O-O Na4 12. Nxa4 Qxa4 13. Kb1 e5 14. b3
Qb4 15. Bc4 d5 16. Bxd5 Qe7 17. Nc6 Qc7 18. Bxf7+ Qxf7 19. Rd8# 1-0

[Event "N4"]
[Site "bogny/bme"]
[Date "2007.03.18"]
[Round "6"]
[White "LEFEVRE, Brice"]
[Black "CHARBAU, Yannick"]
[Result "0-1"]
[WhiteElo "1550"]
[BlackElo "1810"]
[PlyCount "50"]
[EventDate "2007.03.18"]
[SourceDate "2007.03.18"]

1. e4 c5 2. f4 Nc6 3. Bb5 e6 4. Qe2 Nd4 5. Qd3 a6 6. Ba4 b5 7. Bb3 Nc6 8. c4 b4
9. a3 Nge7 10. Nf3 Ng6 11. Qe3 Qc7 12. d3 Bb7 13. O-O a5 14. axb4 axb4 15.
Rxa8+ Bxa8 16. d4 cxd4 17. Nxd4 Nxd4 18. Rd1 Nxb3 19. Qxb3 Nxf4 20. Qa4 Bc6 21.
Qa6 Bxe4 22. Bxf4 Qxf4 23. Qc8+ Ke7 24. Qxd7+ Kf6 25. Rf1 Bc5+ 0-1

[Event "N4"]
[Site "bogny/bme"]
[Date "2007.03.18"]
[Round "6"]
[White "WACZECKA, Jerome"]
[Black "LIN, Yun"]
[Result "1-0"]
[WhiteElo "1750"]
[BlackElo "1430"]
[PlyCount "61"]
[EventDate "2007.03.18"]
[SourceDate "2007.03.18"]

1. d4 d5 2. Nf3 Nc6 3. c3 Bf5 4. Bg5 h6 5. Bh4 g5 6. Bg3 Nf6 7. Nbd2 e6 8. e3
Qd7 9. Ne5 Nxe5 10. Bxe5 Bg7 11. Be2 O-O-O 12. O-O Rhg8 13. c4 Ne4 14. Bxg7
Rxg7 15. Rc1 Kb8 16. c5 g4 17. Nxe4 dxe4 18. Qb3 Qd5 19. Bc4 Qc6 20. Qc3 Rgg8
21. b4 a6 22. Qb3 h5 23. b5 axb5 24. Bxb5 Qd5 25. Qa4 h4 26. c6 g3 27. cxb7
Qxb7 28. Ba6 Qd5 29. Rb1+ Ka7 30. Bc4+ Qa5 31. Qxa5# 1-0

[Event "N4"]
[Site "bogny/bme"]
[Date "2007.03.18"]
[Round "6"]
[White "FAUCON, Arthur"]
[Black "RENARD, Luc"]
[Result "0-1"]
[WhiteElo "1230"]
[BlackElo "1660"]
[PlyCount "70"]
[EventDate "2007.03.18"]
[SourceDate "2007.03.18"]

1. e4 e6 2. d4 d5 3. exd5 exd5 4. Nf3 Nf6 5. Bd3 Be7 6. Nc3 Bg4 7. Bf4 c6 8.
O-O O-O 9. Re1 Re8 10. h3 Bh5 11. Re3 Nbd7 12. Qe2 Bf8 13. Ne5 Bxe2 14. Rxe2
Nxe5 15. Bxe5 Bd6 16. Rae1 Bxe5 17. dxe5 Nd7 18. f4 Qb6+ 19. Kh1 Qxb2 20. Nd1
Qd4 21. Re3 Qxf4 22. Rf1 Qh4 23. Bf5 Nc5 24. g3 Qe7 25. Kh2 Ne6 26. Bg4 Qc7 27.
Bxe6 Rxe6 28. Rfe1 Rae8 29. Rf3 Rxe5 30. Ref1 Re2+ 31. Kh1 Re1 32. Rxf7 Qxf7
33. Kg1 Qxf1+ 34. Kh2 R1e2+ 35. Nf2 Rxf2# 0-1

[Event "N4"]
[Site "chalons/enhm"]
[Date "2007.03.18"]
[Round "6"]
[White "DONRAULT, Patrick"]
[Black "HERRMANN, Jean-Philippe"]
[Result "1-0"]
[WhiteElo "2186"]
[BlackElo "2239"]
[PlyCount "65"]
[EventDate "2007.03.18"]
[SourceDate "2007.03.18"]

1. d4 Nf6 2. Nf3 e6 3. e3 b6 4. Bd3 Bb7 5. Nbd2 c5 6. b3 Nc6 7. a3 cxd4 8. exd4
Nd5 9. Nc4 b5 10. Nce5 Nxe5 11. dxe5 Nc3 12. Qd2 Ne4 13. Qf4 Qa5+ 14. b4 Bxb4+
15. axb4 Qxa1 16. Bxe4 Bxe4 17. Qxe4 Rc8 18. O-O Qc3 19. Be3 O-O 20. Ng5 g6 21.
Qh4 h5 22. Ne4 Rc4 23. Nf6+ Kg7 24. Ne8+ Rxe8 25. Qf6+ Kh7 26. Qxf7+ Kh8 27.
Qxe8+ Kg7 28. Qxd7+ Kh8 29. Qe8+ Kg7 30. Qe7+ Kh8 31. Qf8+ Kh7 32. Qf7+ Kh8 33.
Bg5 1-0

[Event "N4"]
[Site "chalons/enhm"]
[Date "2007.03.18"]
[Round "6"]
[White "VIARD, Dominique"]
[Black "BILLON, Olivier"]
[Result "0-1"]
[WhiteElo "2050"]
[BlackElo "1902"]
[PlyCount "104"]
[EventDate "2007.03.18"]
[SourceDate "2007.03.18"]

1. Nf3 Nf6 2. g3 d5 3. Bg2 c5 4. c4 d4 5. b4 Nbd7 6. Bb2 e5 7. e3 Qb6 8. exd4
cxd4 9. a3 Be7 10. O-O O-O 11. Re1 Bd6 12. d3 a5 13. Nbd2 axb4 14. axb4 Rxa1
15. Qxa1 Bxb4 16. Rb1 Qa5 17. Nb3 Qxa1 18. Rxa1 Re8 19. Ra4 Bd6 20. Nfd2 Nc5
21. Nxc5 Bxc5 22. Nb3 Nd7 23. Ra8 Kf8 24. Bh3 Be7 25. Ra7 Rd8 26. Bg2 Nc5 27.
Nxc5 Bxc5 28. Ra8 Ke7 29. Ra5 Kd6 30. Kf1 Re8 31. Ke2 f5 32. f3 h5 33. Ba3 Bxa3
34. Rxa3 Bd7 35. Ra5 Re6 36. Kd2 Ke7 37. f4 exf4 38. Rxf5 Ra6 39. Re5+ Kf6 40.
Re2 Ra2+ 41. Ke1 Rxe2+ 42. Kxe2 fxg3 43. hxg3 Bc6 44. Bh3 Ke5 45. Bc8 b6 46.
Kf2 g5 47. Ke2 h4 48. gxh4 gxh4 49. Kf2 Kf4 50. Be6 Be8 51. Bd5 Bg6 52. Ke2 Kg3
0-1

[Event "N4"]
[Site "chalons/enhm"]
[Date "2007.03.18"]
[Round "6"]
[White "CREPAUX, Jean-Marie"]
[Black "THYES, Romuald"]
[Result "1/2-1/2"]
[WhiteElo "1980"]
[BlackElo "2040"]
[PlyCount "92"]
[EventDate "2007.03.18"]
[SourceDate "2007.03.18"]

1. e4 e5 2. Bc4 Nf6 3. Nf3 Nc6 4. Ng5 d5 5. exd5 Na5 6. Bb5+ c6 7. dxc6 bxc6 8.
Be2 h6 9. Nf3 e4 10. Ne5 Qd4 11. f4 Bc5 12. Rf1 Qd6 13. c3 Bb6 14. d4 O-O 15.
Na3 Nb7 16. Qa4 Bd7 17. Be3 c5 18. Qa6 Bc8 19. O-O-O Na5 20. Qb5 a6 21. Qa4
cxd4 22. Bxd4 Bxd4 23. Rxd4 Qb6 24. Qb4 Qc7 25. Qd6 Qa7 26. Qb4 Qc7 27. Nac4
Nxc4 28. Bxc4 Rb8 29. Qd6 Qb7 30. Bb3 Be6 31. Nc6 Qb5 32. Rfd1 (32. c4 Qb6)
32... Rb6 33. Ne7+ Kh7 34. Qb4 Bxb3 35. axb3 Qxb4 36. Rxb4 Rxb4 37. cxb4 Re8
38. Nd5 Nxd5 39. Rxd5 g6 40. Kd2 Re6 41. g4 e3+ 42. Ke2 Re4 43. b5 axb5 44.
Rxb5 Kg7 45. h3 h5 46. Re5 Rxf4 1/2-1/2

[Event "N4"]
[Site "chalons/enhm"]
[Date "2007.03.18"]
[Round "6"]
[White "ROBERT-DEHAULT, Etienne"]
[Black "LECOCQ, Pierre"]
[Result "1-0"]
[WhiteElo "2000"]
[BlackElo "1880"]
[PlyCount "51"]
[EventDate "2007.03.18"]
[SourceDate "2007.03.18"]

1. d4 d5 2. c4 e6 3. Nc3 c6 4. e4 Bb4 5. e5 f6 6. Nf3 Nd7 7. Bd3 Ne7 8. O-O
fxe5 9. dxe5 O-O 10. Bxh7+ Kxh7 11. Ng5+ Kg8 12. Qh5 Nf6 13. exf6 Rxf6 14. Qh7+
Kf8 15. Qh8+ Ng8 16. Nh7+ Kf7 17. Nxf6 Qxf6 18. Qh5+ Kf8 19. cxd5 cxd5 20. Bg5
Qf5 21. Qh4 Bd6 22. Nb5 Bb8 23. Rac1 e5 24. Rc3 Qd7 25. Rf3+ Ke8 26. Qh5+ 1-0